Status und schutzproblematik der askulapnatter (<Elaphe longissima>) (Registro nro. 9276)

Detalles MARC
000 -CABECERA
Campo de control 004950000a22001690004500
090 ## - CLASIFICACIÓN LOCAL
Colección AR
Consecutivo 00175
041 0# - IDIOMA
Código de idioma para texto/pista de sonido o título separado
100 1# - ASIENTO PRINCIPAL--NOMBRE PERSONAL
Nombre personal Klemmer, Konrad
245 10 - MENCION DE TITULO
Título Status und schutzproblematik der askulapnatter (<Elaphe longissima>)
650 14 - ASIENTO SECUNDARIO DE MATERIA - TERMINO TEMATICO
Término temático o nombre geográfico como elemento de entrada Estatus
650 14 - ASIENTO SECUNDARIO DE MATERIA - TERMINO TEMATICO
Término temático o nombre geográfico como elemento de entrada Reptiles
650 14 - ASIENTO SECUNDARIO DE MATERIA - TERMINO TEMATICO
Término temático o nombre geográfico como elemento de entrada Fauna
650 14 - ASIENTO SECUNDARIO DE MATERIA - TERMINO TEMATICO
Término temático o nombre geográfico como elemento de entrada Ecología de poblaciones
653 ## - TERMINO DE INDIZACION - NO CONTROLADO
-- Elaphe
-- Elaphe longissima
773 1# - Item fuente:
Título Natur und Ladschaft
Especificación de materiales 82
Descripción física 9
Paginas del Articulo 351-353
Lugar, editorial y fecha de publicación 1985
Información sobre la relación 60
942 ## - ELEMENTOS ADICIONALES (KOHA)
Tipo de ítem Artículo
Existencias
Withdrawn status Lost status Damaged status No para préstamo Colección Ubicación Permanente Ubicación actual Fecha de adquisición Datos de publicación Seriada Total Checkouts Número topográfico Inventario / Código de Barras Date last seen Ejemplar Price effective from Forma de adquisición Tipo de material
      No para Préstamo Hemeroteca Bogotá Bogotá 27/02/2015 Fuera de circulación   AR 00175 010415 25/03/2015 1 25/03/2015   Artículo